00254nam a2200097Ia 4500008004100000020001700041100002200058245001700080260005300097440000600150171211s9999 xx 000 0 und d a978199268218 aGoodman, Jesse L. aUSP 40 NF 35 bThe United States Pharmacopeial Conventionc2016 v3